Cordless Telecommunications Worldwide : the Evolution of Unlicensed PCS /

Cordless Telecommunications Worldwide describes the emergence of the global unlicensed PCS industry from initial developments in Europe to subsequent activities in Asia and America. This is related to the dynamic panorama of development, both in the available technology and in the market, which has...

Full description

Bibliographic Details
Main Author: Tuttlebee, Walter H. W.
Corporate Author: SpringerLink (Online service)
Format: eBook
Language:English
Published: London : Springer London, 1997.
Subjects:
Online Access:Connect to the full text of this electronic book

MARC

Tag First Indicator Second Indicator Subfields
LEADER 00000cam a2200000Mi 4500
001 in00003570721
006 m o d
007 cr mnu---uuaaa
008 121227s1997 enka o 000 0 eng
005 20260421165546.1
020 |a 9781447109136 (electronic bk.) 
020 |a 1447109139 (electronic bk.) 
020 |z 9781447112341 
020 |z 1447112342 
035 |a (OCoLC)853267565 
040 |a AU@  |b eng  |e pn  |c AU@  |d OCLCO  |d OCLCQ  |d GW5XE  |d OCLCQ  |d OCLCF  |d UtOrBLW 
049 |a TXAM 
050 4 |a TK1-9971 
072 7 |a TJK  |2 bicssc 
072 7 |a TEC041000  |2 bisacsh 
082 0 4 |a 621.382  |2 23 
100 1 |a Tuttlebee, Walter H. W. 
245 1 0 |a Cordless Telecommunications Worldwide :  |b the Evolution of Unlicensed PCS /  |c edited by Walter H.W. Tuttlebee. 
264 1 |a London :  |b Springer London,  |c 1997. 
300 |a 1 online resource (xxiii, 536 pages 153 illustrations) 
336 |a text  |b txt  |2 rdacontent 
337 |a computer  |b c  |2 rdamedia 
338 |a online resource  |b cr  |2 rdacarrier 
520 |a Cordless Telecommunications Worldwide describes the emergence of the global unlicensed PCS industry from initial developments in Europe to subsequent activities in Asia and America. This is related to the dynamic panorama of development, both in the available technology and in the market, which has occurred worldwide. Contributions from key industry players include: Evolution of the Cordless Telephone (unlicensed PCS) Market Applications; Standards Development Worldwide; New Digital Standard Products; Cordless Technology; Future Evolution of Cordless Telecommunications; Descriptions of Technical Standards including CT2, DECT, PHS, WCPE, and PACS. Comprehensive coverage of these issues will provide both managers and analysts in the telecommunications industry with valuable insights into and understanding of the market, the technologies and their interaction as well as likely future developments. 
500 |a Electronic resource. 
650 0 |a Engineering. 
650 0 |a Telecommunication. 
650 7 |a Engineering.  |2 fast  |0 (OCoLC)fst00910312 
650 7 |a Telecommunication.  |2 fast  |0 (OCoLC)fst01145830 
655 7 |a Electronic books.  |2 local 
710 2 |a SpringerLink (Online service) 
776 1 8 |i Print version:  |z 9781447112341 
856 4 0 |u http://proxy.library.tamu.edu/login?url=https://link.springer.com/10.1007/978-1-4471-0913-6  |z Connect to the full text of this electronic book  |t 0 
994 |a 92  |b TXA 
999 |a MARS 
999 f f |s 6c9ee475-8b8c-3c0a-afcc-d6ad0a67ead4  |i 67b875cc-9e00-3733-a84a-353931cb8a4d  |t 0 
952 f f |a Texas A&M University  |b College Station  |c Electronic Resources  |s www_evans  |d Available Online  |t 0  |e TK1-9971  |h Library of Congress classification 
998 f f |a TK1-9971  |t 0  |l Available Online